000 01388nam a2200313Ia 4500
003 Ost
005 20260416102352.0
008 260416s9999||||xx |||||||||||||| ||und||
040 _cfsecg
041 _aara
082 _a330
100 _aتشيكو، عبد القادر
_eمؤلف
245 0 _aمدخل إلى علم الإقتصاد /
_c عبد القادر تشيكو
260 _aالجزائر
_bجامعة الجزائر3: كلية العلوم الإقتصادية، العلوم التجارية وعلوم التسيير
_c2017
300 _a67 ورقة
_bايضاحات
_c30 سم
504 _aمراجع ص.64
520 _aتطور علم الاقتصاد، المشكلة الاقتصادية، الأنظمة الاقتصادية، الانتاج، نظرية التوزيع، النقود والمصارف، الادخار الاستهلاك الاستثمار
653 _aالادخار
653 _aالاستثمار
653 _aالاستهلاك
653 _aالاقتصاد
653 _aالانتاج
653 _aالبنوك
653 _aالمشاكل الاقتصادية
653 _aالنظم الاقتصادية
653 _aالنقود
710 _aجامعة الجزائر3: كلية العلوم الإقتصادية، العلوم التجارية وعلوم التسيير
_eناشر علمي
942 _cHANDOUT
999 _c41065
_d41065